|
|
|
|
| LEADER |
00763nam a22002177a 4500 |
| 003 |
OSt |
| 020 |
|
|
|a 9780521246385
|
| 082 |
|
|
|a 632.7
|b HIL/AG
|
| 100 |
|
|
|a Hill, Dennis S
|
| 245 |
|
|
|a Agricultural insect pests of the tropics and their control
|
| 250 |
|
|
|a 2
|
| 260 |
|
|
|a New Delhi
|b Cambridge University Press
|c 1975
|
| 300 |
|
|
|a xii, 736p.
|
| 546 |
|
|
|a English
|
| 650 |
|
|
|a Methods and principle of pest control
|
| 650 |
|
|
|a Pest damage to crop plants
|
| 650 |
|
|
|a Chemical control of insect pests
|
| 650 |
|
|
|a Major tropical crop pests
|
| 942 |
|
|
|2 ddc
|c BK
|
| 999 |
|
|
|c 157216
|d 157216
|
| 952 |
|
|
|0 0
|1 0
|2 ddc
|4 0
|6 632_700000000000000_HILAG
|7 0
|8 Gen
|9 156647
|a KAUCLV
|b KAUCLV
|c GENERAL
|d 2017-07-28
|g 1495.00
|l 1
|o 632.7 HIL/AG
|p 226637
|r 2019-02-09
|s 2019-01-10
|w 2017-07-28
|y BK
|